[Event "6. Copenhagen Open Politiken Cup"]
[Site "Copenhagen"]
[Date "1984.??.??"]
[Round "10"]
[White "Poulsen, Allan"]
[Black "Auchenberg, Per"]
[Result "1-0"]
[WhiteElo "2350"]
[BlackElo "2240"]
[PlyCount "79"]
[EventDate "1984.??.??"]
[EventType "swiss"]
[EventRounds "10"]
[EventCountry "DEN"]
[SourceDate "2004.01.01"]

1. e4 c5 2. Nf3 Nc6 3. d4 cxd4 4. Nxd4 g6 5. c4 Bg7 6. Nc2 Nf6 7. Nc3 d6 8. Be2
O-O 9. O-O Bd7 10. f4 a6 11. Be3 b5 12. cxb5 axb5 13. Bxb5 Ng4 14. Kh1 Nxe3 15.
Nxe3 Ra7 16. f5 Ne5 17. a4 Rb7 18. Qe2 Bxb5 19. Nxb5 Nd7 20. Nd5 Be5 21. Ra3 e6
22. Nb4 exf5 23. Nc6 Qh4 24. Nxe5 dxe5 25. exf5 e4 26. a5 Rfb8 27. a6 Rxb5 28.
a7 Rxb2 29. axb8=Q+ Rxb8 30. fxg6 hxg6 31. Ra7 Nf6 32. g3 Qg5 33. Ra6 Ng4 34.
Qxe4 Qh5 35. Ra2 Nh6 36. Raf2 Nf5 37. Kg2 Rf8 38. h3 Nh6 39. Rf4 Qb5 40. Rh4
1-0

[Event "6. Copenhagen Open Politiken Cup"]
[Site "Copenhagen"]
[Date "1984.??.??"]
[Round "10"]
[White "Reinert, Mads"]
[Black "Iskov, Gert"]
[Result "0-1"]
[WhiteElo "2330"]
[BlackElo "2370"]
[PlyCount "100"]
[EventDate "1984.??.??"]
[EventType "swiss"]
[EventRounds "10"]
[EventCountry "DEN"]
[SourceDate "2004.01.01"]

1. e4 e6 2. d4 d5 3. Nc3 Bb4 4. e5 b6 5. a3 Bxc3+ 6. bxc3 Qd7 7. a4 Ba6 8. Bxa6
Nxa6 9. Qd3 Nb8 10. a5 Nc6 11. axb6 cxb6 12. Ne2 Nge7 13. Nf4 g6 14. h4 h5 15.
Ne2 O-O-O 16. Bg5 Kb8 17. O-O Na5 18. Qa6 Nc4 19. Nc1 Rc8 20. Bxe7 Qxe7 21. Nd3
Qb7 22. Qxb7+ Kxb7 23. Rfd1 Rc7 24. Kf1 Na5 25. Rdb1 Ka8 26. Nc5 bxc5 27. Rxa5
cxd4 28. cxd4 Rb8 29. Rxb8+ Kxb8 30. Ra3 Rxc2 31. Rf3 Rc7 32. Ke2 a5 33. Ra3
Rc4 34. Ke3 a4 35. f3 Kc7 36. g4 Kc6 37. Rd3 Kb5 38. Kf4 Kb4 39. gxh5 gxh5 40.
Kg5 Rc1 41. Kxh5 a3 42. Rd2 Kc3 43. Rg2 Rc2 44. Rg1 a2 45. Kh6 Rb2 46. Ra1 Rg2
47. Rxa2 Rxa2 48. Kg7 Kxd4 49. f4 Ke4 50. Kxf7 Kf5 0-1

[Event "6. Copenhagen Open Politiken Cup"]
[Site "Copenhagen"]
[Date "1984.??.??"]
[Round "10"]
[White "Schandorff, Lars"]
[Black "Jacoby, Gisbert"]
[Result "1/2-1/2"]
[WhiteElo "2310"]
[BlackElo "2245"]
[PlyCount "24"]
[EventDate "1984.??.??"]
[EventType "swiss"]
[EventRounds "10"]
[EventCountry "DEN"]
[SourceDate "2004.01.01"]

1. c4 c5 2. Nf3 Nc6 3. Nc3 Nf6 4. d4 cxd4 5. Nxd4 e6 6. g3 Qb6 7. Nb3 Bb4 8.
Bg2 Qa6 9. c5 b6 10. cxb6 axb6 11. O-O O-O 12. Bg5 Be7 1/2-1/2

[Event "6. Copenhagen Open Politiken Cup"]
[Site "Copenhagen"]
[Date "1984.??.??"]
[Round "10"]
[White "Tompa, Janos"]
[Black "Brondum, Eric"]
[Result "1/2-1/2"]
[WhiteElo "2420"]
[BlackElo "2260"]
[PlyCount "36"]
[EventDate "1984.??.??"]
[EventType "swiss"]
[EventRounds "10"]
[EventCountry "DEN"]
[SourceDate "2004.01.01"]

1. e4 c5 2. Nf3 d6 3. Nc3 Nf6 4. d4 cxd4 5. Nxd4 a6 6. Be2 e5 7. Nb3 Be7 8. O-O
O-O 9. Be3 Be6 10. Qd2 Nbd7 11. a4 Rc8 12. f3 Nb6 13. a5 Nc4 14. Bxc4 Rxc4 15.
Nd5 Bxd5 16. exd5 Qd7 17. Qd3 Rfc8 18. c3 Ra4 1/2-1/2

[Event "6. Copenhagen Open Politiken Cup"]
[Site "Copenhagen"]
[Date "1984.??.??"]
[Round "10"]
[White "Van Mil, Johan"]
[Black "Hartman, Christer"]
[Result "0-1"]
[WhiteElo "2370"]
[BlackElo "2210"]
[PlyCount "74"]
[EventDate "1984.??.??"]
[EventType "swiss"]
[EventRounds "10"]
[EventCountry "DEN"]
[SourceDate "2004.01.01"]

1. e4 e5 2. Nf3 Nc6 3. Bc4 Nf6 4. d3 Be7 5. O-O d6 6. c3 O-O 7. Bb3 Na5 8. Bc2
c5 9. Nbd2 Re8 10. Re1 Nc6 11. Nf1 h6 12. h3 Nh7 13. Ne3 Bf8 14. a3 Nf6 15. b4
g6 16. Bb3 Bg7 17. Ra2 Be6 18. Nd5 Bxd5 19. exd5 Ne7 20. bxc5 Nfxd5 21. Rc2
dxc5 22. Nxe5 Nf5 23. Nxg6 Nxc3 24. Rxc3 Bxc3 25. Rxe8+ Qxe8 26. Qg4 Kh7 27.
Nf8+ Qxf8 28. Qxf5+ Kh8 29. Bd5 Qg7 30. Bf4 Qf6 31. Qe4 Bd4 32. g3 Rg8 33. Bxb7
Qe6 34. Qxe6 fxe6 35. Bxh6 Rxg3+ 36. Kf1 Rxh3 37. Bf4 Rxd3 0-1

[Event "6. Copenhagen Open Politiken Cup"]
[Site "Copenhagen"]
[Date "1984.??.??"]
[Round "10"]
[White "Van der Sterren, Paul"]
[Black "De Boer, Gert Jan"]
[Result "1/2-1/2"]
[WhiteElo "2475"]
[BlackElo "2340"]
[PlyCount "182"]
[EventDate "1984.??.??"]
[EventType "swiss"]
[EventRounds "10"]
[EventCountry "DEN"]
[SourceDate "2004.01.01"]

1. d4 Nf6 2. c4 c5 3. d5 g6 4. Nc3 d6 5. e4 Bg7 6. f3 O-O 7. Bg5 e6 8. Qd2 exd5
9. cxd5 Re8 10. Nge2 a6 11. a4 Nbd7 12. Ng3 Qa5 13. Be2 b5 14. Nd1 Qxd2+ 15.
Bxd2 bxa4 16. Ba5 h5 17. Nf1 Ne5 18. Bc7 Bf8 19. Rxa4 Bd7 20. Ra2 Nxd5 21. exd5
Nd3+ 22. Kd2 Rxe2+ 23. Kxd3 Bb5+ 24. Kc3 Rc8 25. Ba5 Bg7+ 26. Kb3 Rb8 27. Nfe3
Bd3+ 28. Ka3 Rb5 29. Bc3 Bxc3 30. Nxc3 Rxe3 31. Nxb5 axb5 32. b3 Bc4 33. Rb2
Bxd5 34. Rd1 Be6 35. Rxd6 c4 36. Kb4 cxb3 37. Kxb5 Kg7 38. Kc5 Re1 39. h4 Kf8
40. Rd4 Ke7 41. Rb4 Kf6 42. Kd4 Kf5 43. Kd3 Kf6 44. Re2 Rd1+ 45. Ke3 Rc1 46.
Rd2 Re1+ 47. Kf4 Rh1 48. g3 Rg1 49. Rd6 Ke7 50. Ra6 Kf8 51. Rb7 Re1 52. Ra5 Rc1
53. Re5 Rc6 54. Re4 Kg7 55. Rd4 Ra6 56. g4 hxg4 57. fxg4 Ra8 58. Rdb4 Ra1 59.
g5 Ra8 60. Re7 Bd5 61. Ke5 Bg2 62. Rxb3 Rd8 63. Rc3 Ba8 64. Rc2 Rd5+ 65. Kf4
Rd4+ 66. Ke3 Rd8 67. Rf2 Rf8 68. Kd4 Bc6 69. Ra7 Bb5 70. Rb7 Ba6 71. Rc7 Bb5
72. Kc5 Ba4 73. Rb7 Bd1 74. Rf4 Be2 75. Kd6 Ba6 76. Rc7 Bb5 77. Re7 Bd3 78. Rb7
Ba6 79. Rb6 Ra8 80. Rc6 Bb5 81. Rc7 Rf8 82. Re7 Bd3 83. Ke5 Be2 84. Rc7 Bd3 85.
Rf6 Be2 86. Kd6 Bd3 87. Ke7 Bb5 88. Rc3 Re8+ 89. Kd6 Rd8+ 90. Kc7 Ra8 91. Kb7
Re8 1/2-1/2